| 000 | 00513cam a22002054a 4500 | ||
|---|---|---|---|
| 005 | 20250605164245.0 | ||
| 008 | 250528s ||||||||||||||||||||||||d | ||
| 035 | _a21490 | ||
| 020 | _a9780582085763 | ||
| 040 |
_aGR-AtMCL _bgre _dGR-AtMCL _eAACR2 |
||
| 245 | 1 | _aINTERNATIONAL BUSINESS ECONOMICS: A EUROPEAN PERSPECTIVE | |
| 250 | _a1 | ||
| 260 |
_bLongman, _c1993 |
||
| 300 | _a403 | ||
| 700 | 1 |
_aCook Mark _91652 |
|
| 700 | 1 |
_aPiggott Judith _91678 |
|
| 942 | _cBK | ||
| 999 |
_c6552 _d6552 |
||